| 000 | 00496nam a2200181Ia 4500 | ||
|---|---|---|---|
| 008 | 240925s9999 xx 000 0 und d | ||
| 020 | _a9780706998278 | ||
| 082 | _a658.1511 BHA | ||
| 100 | _aBhattacharya, S. K. | ||
| 245 | 0 | _aAccounting for management: text & cases. | |
| 250 | _a3rd | ||
| 260 |
_aNew Delhi: _bVikas Publishing House Pvt Ltd _c,2000. |
||
| 300 |
_aVarious pages _bN.A _fOriginal |
||
| 500 | _aIncludes Index | ||
| 600 | _aManagement | ||
| 650 | _aManagement | ||
| 942 | _cBK | ||
| 999 |
_c17878 _d17878 |
||